RIBA future trends survey results for January 2012 (Record no. 113569)

MARC details
000 -LEADER
fixed length control field 00770cad a22002055a 4500
001 - CONTROL NUMBER
control field L155431
008 - FIXED-LENGTH DATA ELEMENTS--GENERAL INFORMATION
fixed length control field 120321s2012 xxk f 000 0 eng d
035 ## - SYSTEM CONTROL NUMBER
System control number (Sirsi) u155431
041 0# - LANGUAGE CODE
Language code of text/sound track or separate title eng
110 2# - MAIN ENTRY--CORPORATE NAME
Corporate name or jurisdiction name as entry element Royal Institute of British Architects
9 (RLIN) 2527
245 00 - TITLE STATEMENT
Title RIBA future trends survey results for January 2012
Medium [electronic resource]
260 ## - PUBLICATION, DISTRIBUTION, ETC.
Place of publication, distribution, etc. London
Name of publisher, distributor, etc. RIBA
Date of publication, distribution, etc. 2012
490 ## - SERIES STATEMENT
Series statement RIBA Future Trends Survey
520 ## - SUMMARY, ETC.
Summary, etc. Summary of the latest RIBA Future Trends Survey.
590 ## - LOCAL NOTE (RLIN)
Local note KA
651 #4 - SUBJECT ADDED ENTRY--GEOGRAPHIC NAME
Geographic name United Kingdom
Chronological subdivision
690 ## - LOCAL SUBJECT ADDED ENTRY--TOPICAL TERM (OCLC, RLIN)
Topical term or geographic name as entry element Design and specification
856 40 - ELECTRONIC LOCATION AND ACCESS
Uniform Resource Identifier <a href="https://www.architecture.com/NewsAndPress/News/RIBANews/News/2012/RIBAFutureTrendsSurveyresultsforJanuary2012.aspx">https://www.architecture.com/NewsAndPress/News/RIBANews/News/2012/RIBAFutureTrendsSurveyresultsforJanuary2012.aspx</a>
Public note View the item free of charge at www.architecture.com
942 ## - ADDED ENTRY ELEMENTS (KOHA)
Suppress in OPAC 0
Holdings
Withdrawn status Lost status Source of classification or shelving scheme Damaged status Not for loan Home library Current library Shelving location Date acquired Total Checkouts Full call number Barcode Date last seen Copy number Price effective from Koha item type
    Dewey Decimal Classification     Virtual Virtual Online 21/03/2012   ONLINE PUBLICATION 155431-2001 06/08/2019 1 06/08/2019 Book